000 01324nam a2200385 a 4500
001 000010611
003 DO-SdBNP
005 20170927110129.0
007 000010611
008 091008s2001 dr 000 0 spa d
020 _a9993431117
040 _aBPMSU
_bspa
_cBPMSU
041 0 _aspa
_a
049 _a
082 _a861.44
_bP153c
092 _a
245 1 3 _aLa palabra como cuerpo del delito /
_cDió-genes Abreú y Dagoberto López-Coño, editores
260 _aSanto Domingo :
_bSecretaría de Estado de Cultura ;
_bBiblioteca Nacional Dr. Pedro Henriquez Ureña,
_c2001.
300 _a235 p. ;
_c23 cm.
490 1 _aBiblioteca Nacional ¨Dr. Pedro Henríquez Ureña¨ ;
_v5
490 1 _aPoesía ;
_v3
504 _aIncluye bibliografías (p. 234-235).
546 _aPoemas en español y en inglés
650 4 _aPOESÍAS DOMINICANA
_xCOLECCIONES
650 4 _aLITERATURA DOMINICANA
650 4 _aAUTORES DOMINICANOS
_vBIOGRAFÍAS
651 _aREPÚBLICA DOMINICANA
_xANTOLOGÍAS LITERARIAS
700 1 _aLópez-Coño, Dagoberto
830 0 _aBiblioteca Nacional ¨Dr. Pedro Henríquez Ureña¨;
_v5
830 0 _aPoesía ;
_v 3
942 _2ddc
_cBK
945 _aInventariado / 2017 VM
956 _aValidado. Control de calidad MFF
956 _aVMATEO
_b10
_c20160408
_dBPMSU
_f0061
999 _c7649
_d7649